100 personnages Harry potter - Statistiques

Statistiques générales
  • Ce quiz a été pris 326 fois
  • Le résultat moyen est 64 sur 99
Statistiques - réponses
Hint Personnages % Correct
2 ron weasley
100%
1 Harry potter
99%
3 hermione granger
99%
26 severus rogue
94%
5 Albus Dumbledore
93%
21 fred weasley
91%
22 George Weasley
91%
10 Ginny weasley
91%
27 lord Voldemort
91%
4 drago Malefoy
89%
7 Minerva McGonagall
89%
17 molly weasley
89%
9 Neville Londubat
89%
6 Rubeus hagrid
89%
8 Luna lovegood
88%
16 arthur weasley
87%
12 remus lupin
87%
25 sirius black
87%
18 bill weasley
86%
23 James potter
86%
14 Lucius Malefoy
86%
19 charlie weasley
85%
24 lily potter
85%
11 Bellatrix lestrange
84%
20 percy weasley
84%
15 narcissa Malefoy
83%
70 Dolores ombrage
82%
13 alastor Maugrey
81%
40 Fleur delacour
81%
43 Cedric Diggory
80%
28 peter pettigrow
79%
39 viktor krum
79%
65 Dobby
78%
60 hedwige
76%
76 Quirinus Quirrell
76%
32 salazar serpentard
75%
37 cho chang
74%
29 Godric Gryffondore
74%
52 Gregory Goyle
74%
44 Nymphadora tonks
74%
31 rowena serdaigle
74%
53 Vincent Crabbe
73%
47 Gilderoy Lockhart
72%
62 Pomona chourave
72%
46 seamus finnigan
72%
30 helga poufsouffle
71%
49 Filius flitwick
70%
57 dudley dursley
68%
45 Dean thomas
67%
38 Igor karkaroff
67%
54 Petunia dursley
67%
55 vernon dursley
67%
58 Pattenrond
65%
33 nick quasi sans tete
64%
63 Sibylle trelawney
64%
79 Cornelius fudge
63%
48 Horace slughorn
62%
41 olympe maxime
62%
88 padma patil
60%
91 Pansy parkinson
60%
87 Parvati patil
60%
59 buck
59%
74 Renee bibine
59%
42 Amos Diggory
57%
82 Argus rusard
57%
36 le baron sanglant
57%
92 Mimi geignarde
57%
90 Xenophilius lovegood
56%
81 Andromeda tonks
55%
51 Abelforth dumbledore
54%
89 Kingsley Shacklebolt
53%
61 nagini
51%
66 Angelina jonhson
50%
34 la dame grise
50%
77 Lee jordan
49%
97 Rufus scrimgeour
49%
35 le moine gras
48%
100 Peeves
47%
69 alecto Carrow
46%
68 Amycus carrow
46%
80 Croupton
46%
73 Firenze
46%
98 Fenrir greyback
43%
72 Rita skeeter
42%
94 Antonin dolohov
39%
50 Poppy pomfresh
39%
56 marjorie dursley
38%
78 Mondingus fletcher
38%
96 Graup
37%
71 Gellert grindelwald
35%
67 Elvis gaunt
30%
75 Garrick ollivanders
30%
64 Hannah Abbot
30%
86 Elphias doge
29%
84 ignotus peverell
26%
83 Phineas black
23%
85 stanley rocade
15%
99 Yaxley
14%
93 Mykew gregorovitch
6%
Aucun quiz correspondant
Distribution des résultats
% des personnes avec chaque résultat
Percentile par nombre de réponses
Votre historique - résultats
Vous n’avez pas pris ce quiz